000 00656nam a22002417a 4500
003 UA-OsUOA
001 66943
007 ta
008 20100203b un ||||| |||| 00| 0 ukr d
100 _aГолубєва З. С.
090 _a82.09(477)
_bГ62
942 _cBK
040 _aUA-OsUOA
_bukr
_cUA-OsUOA
_dUA-OsUOA
245 _aЮрій Смолич
_bНарис життя і творчості
300 _a204 с.
955 _a2
041 _aukr
080 _a82.09(477)
020 _a5-308-00563-Х
260 _aК.
_bДніпро
_c1990
650 7 _a82 Література. Літературознавство
_2UDC
999 _c353188
_d353188